000 00200 a2200097 4500
001 7660
100 _aAhmed, S
245 _aAdibi-Dunya Khas Numb
260 _a
_bAcad Punjab
_c
090 _c6128
_d6128
942 _aNUST-CAE
_cM
_c32632
999 _c242733
_d242733